Titres originaux des films : Howard Hawks - Statistiques

Statistiques générales
  • Ce quiz a été pris 6 fois
  • Le résultat moyen est 8 sur 15
Statistiques - réponses
Titre anglais Titre français % Correct
Ball of Fire Boule de feu
100%
Red river La Rivière rouge
100%
The Big Sleep Le Grand Sommeil
100%
Gentlemen Prefer Blondes Les hommes préfèrent les blondes
100%
Only Angels Have Wings Seuls les anges ont des ailes
100%
His Girl Friday La Dame du vendredi
67%
To Have and Have Not Le Port de l'angoisse
50%
Bringing Up Baby L'Impossible monsieur bébé
50%
Monkey Business Chérie je me sens rajeunir
33%
The Big Sky La Captive aux yeux clairs
33%
Man's favorite sport? Le Sport favori de l'homme
33%
I Was a Male War Bride Allez coucher ailleurs !
0%
A song is born Si bémol et fa dièse
0%
Twentieth century Train de luxe
0%
Barbary Coast Ville sans loi
0%
Aucun quiz correspondant
Distribution des résultats
% des personnes avec chaque résultat
Percentile par nombre de réponses
Votre historique - résultats
Vous n’avez pas pris ce quiz